Роль и название торговой марки; Актуальные проблемы гуманитарных наук

التفاصيل البيبلوغرافية
Parent link:Актуальные проблемы гуманитарных наук.— 2008.— С. 144-145
المؤلف الرئيسي: Башкирова О. В.
اللغة:الروسية
منشور في: 2008
سلاسل:Связи с общественностью
الموضوعات:
التنسيق: MixedMaterials فصل الكتاب
KOHA link:https://koha.lib.tpu.ru/cgi-bin/koha/opac-detail.pl?biblionumber=228786

MARC

LEADER 00000naa2a2200000 4500
001 228786
005 20231031201648.0
035 |a (RuTPU)RU\TPU\book\249280 
035 |a RU\TPU\book\201621 
090 |a 228786 
100 |a 20121221d2008 k y0rusy50 ca 
101 0 |a rus 
102 |a RU 
200 1 |a Роль и название торговой марки  |f О. В. Башкирова 
225 1 |a Связи с общественностью 
320 |a Библиогр.: 2 назв. 
463 0 |0 (RuTPU)RU\TPU\book\194420  |t Актуальные проблемы гуманитарных наук  |o сборник научных трудов, апрель 2008 г., Томск  |f Томский политехнический университет (ТПУ)  |v С. 144-145  |d 2008  |p 562 с. 
610 1 |a торговые марки 
610 1 |a маркетинг 
610 1 |a нейминг 
610 1 |a труды учёных ТПУ 
700 1 |a Башкирова  |b О. В. 
801 1 |a RU  |b 63413507  |c 20101015 
801 2 |a RU  |b 63413507  |c 20121221  |g RCR 
942 |c BK